| 000 | 00894nam0a22002651 4500 | ||
|---|---|---|---|
| 001 | rc\3349923 | ||
| 005 | 20250609215743.0 | ||
| 021 |
_aRU _b[71-39780] |
||
| 035 | _a(NLR Aleph) 007521086 | ||
| 090 |
_a7725490 _c7725490 |
||
| 100 | _a20130115d1971 |||y0rusy50 ca | ||
| 101 | 0 | _arus | |
| 102 | _aRU | ||
| 105 | _aa z ||||| | ||
| 200 | 1 |
_aРусский язык _eДля 3 кл. уйгур. школы |
|
| 210 |
_aАлма-Ата _cМектеп _d1971 |
||
| 215 |
_a248 с., 2 л. ил. _cил. _d22 |
||
| 606 |
_aРусский язык _jУчебники и пособия для нерусских школ _2psbo |
||
| 700 | 1 |
_aТурсунов _bД.Т. _gДаригул Турсунович |
|
| 701 | 1 |
_aМасгутова _bС.С. _gСофья Сулеймановна |
|
| 801 | 0 |
_aRU _bNLR _gpsbo |
|
| 801 | 1 |
_aRU _bELAR _2rusmarc |
|
| 852 |
_aNLR _j71-5/2306 |
||
| 942 | _cBOOK | ||
| 980 | _aNB | ||